Allgemeinwissen-Quiz #37 - Statistiken

Allgemein
  • Dieses Quiz wurde 74 mal gespielt
  • Das Durchschnittsergebnis liegt bei 11 aus 20
Antwortstatistiken
Frage Antwort % Korrekt
Auf welchem Bild ist die Marke Champion zu sehen?
89%
Welches Bild verbindet man mit Supercalifragilisticexpialigetisch?
87%
Für was war "Walther von der Vogelweide" bekannt? Für seine Minnelyrik
79%
In welchem Buch kommt die Figur Elizabeth Bennet vor? Stolz und Vorurteil
74%
Welcher dieser deutschen Fussballclubs spielt in der Saison 2024/2025 nicht in der ersten Bundesliga? Hamburger SV
72%
In welchem Land findet das Musikfestival "Sziget" statt? Ungarn
72%
Welche Bergetappe ist besonders berühmt bei der Tour de France? Alpe d’Huez
67%
Was bezeichnet man mit dem Begriff "Intifada"? Eine palästinensische Protest- und Aufstandsbewegung
59%
Aus welchem Märchen stammt "Der Wind, der Wind, das himmlische Kind"? Hänsel und Gretel
56%
Welches Nummernschild ordnet man dem US-Bundesstaat New Jersey zu?
49%
Was ist das Besondere am australischen Ort Coober Pedy? Die meisten seiner Einwohner leben unter der Erde.
48%
Ich befinde mich am Baikalsee und wandere Richtung Süden. Welches Land erreiche ich als nächstes? Mongolei
46%
Wie heisst die Eule, die auf die Schätze von Aschenbrödel achtgibt? Rosali
46%
An welches Land grenzt Kamerun nicht? Ghana
41%
Wer veröffentlichte den Sommerhit "Airwaves"? Pashanim
41%
Wer ist die Moderatorin des Radiosenders "Non-Stop-Pop FM" in GTA 5? Cara Delevingne
38%
In welchem Jahr übernahmen die Taliban erneut die Macht in Afghanistan? 2021
36%
Es wurde eine Fortsetzung eines Films namens Badland angekündigt (Stand April 2025). Welcher dieser Ausschnitte aus vorherigen Filmen gehört zur selben Reihe?
34%
Auf welchem KI-Modell basiert der Chatbot "Meta AI" in WhatsApp? Llama 4
23%
Aus welchem Song stammen die Lyrics: "Si te vas, yo quiero saber si tú te vas Mami, cuando tú quieras Cuando tú quieras, yeah, yeah"? Vete - Bad Bunny
16%
Keine übereinstimmenden Quizze gefunden
Verteilung der Resultate
Anzahl Personen mit jedem Resultat
Perzentil nach korrekt beantworteten Fragen
Ihre Resultats-Entwicklung
Sie haben dieses Quiz noch nicht gespielt